<?xml version="1.0" encoding="UTF-8"?>
<record
    xmlns:xsi="http://www.w3.org/2001/XMLSchema-instance"
    xsi:schemaLocation="http://www.loc.gov/MARC21/slim http://www.loc.gov/standards/marcxml/schema/MARC21slim.xsd"
    xmlns="http://www.loc.gov/MARC21/slim">

  <leader>01064nam a2200265 i 4500</leader>
  <controlfield tag="001">187100</controlfield>
  <controlfield tag="003">ES-MaACL</controlfield>
  <controlfield tag="005">20230906222821.0</controlfield>
  <controlfield tag="008">170417r19861914gw acf       |||| |dger d</controlfield>
  <datafield tag="020" ind1=" " ind2=" ">
    <subfield code="a">3-925387-13-7</subfield>
  </datafield>
  <datafield tag="080" ind1=" " ind2=" ">
    <subfield code="a">821.112.2 Tucholsky, Kurt 1.07</subfield>
  </datafield>
  <datafield tag="080" ind1=" " ind2=" ">
    <subfield code="a">821.112.2-32"19"</subfield>
  </datafield>
  <datafield tag="100" ind1="1" ind2=" ">
    <subfield code="a">Tucholsky, Kurt.</subfield>
    <subfield code="9">111625</subfield>
  </datafield>
  <datafield tag="245" ind1="1" ind2="4">
    <subfield code="a">Der zeitsparer / </subfield>
    <subfield code="c">grotesken von Ignaz Wrobel </subfield>
    <subfield code="b">. Der studentenulk : eine beigabe zu Ignaz Wrobel, Der zeitsparer / Annemarie Stoltenberg.</subfield>
  </datafield>
  <datafield tag="246" ind1="1" ind2="0">
    <subfield code="a">Studentenulk </subfield>
    <subfield code="b">: eine beigabe zu Ignaz Wrobel, Der zeitsparer</subfield>
  </datafield>
  <datafield tag="260" ind1=" " ind2=" ">
    <subfield code="a">Hamburg : </subfield>
    <subfield code="b">Galgenberg, </subfield>
    <subfield code="c">1986.</subfield>
  </datafield>
  <datafield tag="300" ind1=" " ind2=" ">
    <subfield code="a">23 p. ; </subfield>
    <subfield code="c">23 cm + </subfield>
    <subfield code="e">1 folleto (</subfield>
    <subfield code="a">16 p. : </subfield>
    <subfield code="b">il., retr.) + 1 h. de l&#xE1;m. col.</subfield>
  </datafield>
  <datafield tag="534" ind1=" " ind2=" ">
    <subfield code="p">Reprod. facs. de la ed. de: </subfield>
    <subfield code="c">Berlin : Reuss &amp; Pollack, 1914.</subfield>
  </datafield>
  <datafield tag="594" ind1=" " ind2=" ">
    <subfield code="a">Ignaz Wrobel es seud. de Kurt Tucholsky.</subfield>
  </datafield>
  <datafield tag="597" ind1=" " ind2=" ">
    <subfield code="a">Guardados en estuche.</subfield>
  </datafield>
  <datafield tag="599" ind1=" " ind2=" ">
    <subfield code="a">La h. de l&#xE1;m. reprod. la il. de cub. y estuche.</subfield>
  </datafield>
  <datafield tag="600" ind1="1" ind2="4">
    <subfield code="a">Tucholsky, Kurt.</subfield>
    <subfield code="9">111625</subfield>
  </datafield>
  <datafield tag="700" ind1="1" ind2=" ">
    <subfield code="a">Stoltenberg, Annemarie.</subfield>
    <subfield code="9">162383</subfield>
  </datafield>
  <datafield tag="852" ind1=" " ind2=" ">
    <subfield code="a">ES-MaACL</subfield>
    <subfield code="j">L-31419</subfield>
  </datafield>
  <datafield tag="999" ind1=" " ind2=" ">
    <subfield code="c">187100</subfield>
    <subfield code="d">187100</subfield>
  </datafield>
  <datafield tag="952" ind1=" " ind2=" ">
    <subfield code="0">0</subfield>
    <subfield code="1">0</subfield>
    <subfield code="4">0</subfield>
    <subfield code="7">0</subfield>
    <subfield code="a">ATENEOM</subfield>
    <subfield code="b">ATENEOM</subfield>
    <subfield code="c">DEPO2</subfield>
    <subfield code="d">2017-04-17</subfield>
    <subfield code="e">DON</subfield>
    <subfield code="l">0</subfield>
    <subfield code="o">L-31419</subfield>
    <subfield code="p">1197388</subfield>
    <subfield code="r">2023-02-23 00:00:00</subfield>
    <subfield code="w">2023-02-23</subfield>
    <subfield code="y">MONOGRAFIA</subfield>
  </datafield>
</record>
